Možnosti účasti malých a stredných podnikov na diverzifikácii energetickej infraštruktúry - I. [recenzovaný zborník vedeckých prác]
Guardado en:
| Autor Corporativo: | |
|---|---|
| Otros Autores: | , , , |
| Formato: | Libro |
| Lenguaje: | eslovaco |
| Publicado: |
Bratislava
Vydavateľstvo EKONÓM
2012
|
| Materias: | |
| Etiquetas: |
Sin Etiquetas, Sea el primero en etiquetar este registro!
|
MARC
| LEADER | 00000nam a2200000 4500 | ||
|---|---|---|---|
| 001 | 0162781 | ||
| 005 | 20240502072823.8 | ||
| 020 | |a 978-80-225-3462-8 | ||
| 041 | 0 | |a slo | |
| 044 | |a SK | ||
| 245 | 1 | 0 | |a Možnosti účasti malých a stredných podnikov na diverzifikácii energetickej infraštruktúry - I. |b [recenzovaný zborník vedeckých prác] |c redakčné práce: Miroslav Majtán, Ján Kráčmar |
| 264 | 1 | |a Bratislava |b Vydavateľstvo EKONÓM |c 2012 | |
| 300 | |a 115 s. | ||
| 610 | 2 | 0 | |a energetika |
| 610 | 2 | 0 | |a diverzifikácia |
| 610 | 2 | 0 | |a podnik malý |
| 610 | 2 | 0 | |a podnik stredný |
| 700 | 1 | |a Majtán, Miroslav | |
| 700 | 1 | |a Kráčmar, Ján | |
| 700 | 1 | |a Dupaľ, Andrej | |
| 700 | 1 | |a Tomišová, Marta | |
| 710 | 2 | |a Ekonomická univerzita v Bratislave. Fakulta podnikového manažmentu | |